Hướng dẫn lập kế hoạch kinh doanh nhanh chóng và hiệu quả /
Định nghĩa hoạt động kinh doanh của công ty; Thu thập dữ liệu; Những quyết định ban đầu trong việc xác định lỗ hổng thị trường, chính sách định giá và lợi nhuận; Quyết định về KD và tiếp thị, tài chính; Xây dựng kế hoạch, kế hoạch KD....
Đã lưu trong:
| Hovedforfatter: | |
|---|---|
| Andre forfattere: | |
| Format: | Bog |
| Sprog: | Vietnamese |
| Udgivet: |
Tp.HCM :
Nxb Trẻ,
2000.
|
| Fag: | |
| Tags: |
Tilføj Tag
Ingen Tags, Vær først til at tagge denne postø!
|
| Thư viện lưu trữ: | Mạng thư viện Đại học Đà Nẵng |
|---|
| LEADER | 01222cam a2200349 i 4500 | ||
|---|---|---|---|
| 001 | 000042447 | ||
| 003 | 321 | ||
| 005 | 20041029155042.0 | ||
| 008 | 010217b2000 vm 000 vie | ||
| 020 | |c 25500 | ||
| 040 | |a IRC |c IRC |d IRC | ||
| 041 | 1 | |a vie | |
| 082 | 1 | 4 | |a 658.4 |b JO-R |
| 100 | 1 | |a Johnson, Ron. | |
| 245 | 1 | 0 | |a Hướng dẫn lập kế hoạch kinh doanh nhanh chóng và hiệu quả / |c Ron Johnson ; Võ Thị Hồng Vân dịch. |
| 260 | |a Tp.HCM : |b Nxb Trẻ, |c 2000. | ||
| 300 | |a 288 tr. ; |c 20 cm. | ||
| 520 | 3 | |a Định nghĩa hoạt động kinh doanh của công ty; Thu thập dữ liệu; Những quyết định ban đầu trong việc xác định lỗ hổng thị trường, chính sách định giá và lợi nhuận; Quyết định về KD và tiếp thị, tài chính; Xây dựng kế hoạch, kế hoạch KD. | |
| 630 | 0 | 4 | |a Kinh tế. |
| 630 | 0 | 4 | |a Kinh doanh. |
| 650 | 0 | 4 | |a Kinh doanh. |
| 700 | 1 | |a Võ Thị Hồng Vân, |e dịch. | |
| OWN | |a DUT | ||
| 999 | |a From the UDN01 | ||
| TYP | |a Monograph | ||
| TYP | |a Printed language | ||
| 980 | |a Mạng thư viện Đại học Đà Nẵng | ||